000 00540nam a2200157Ia 4500
008 090711s9999 xx 000 0 und d
082 _b38374
100 _aकालेलकर मधुसूदन
245 _aसं. उद्याSो जग
260 _bनवयुग प्रेस
_c1947
600 _aकालेलकर मधुसूदन
630 _aसं. उद्याSो जग
700 _aकालेलकर मधुसूदन
730 _aसं. उद्याSो जग
942 _cBOOK
999 _c304770
_d304770